000 00549nam a22001937a 4500
003 OSt
005 20240430171104.0
008 240430b |||||||| |||| 00| 0 eng d
020 _a052182284-X
040 _cDDC
082 _2Second Edition
_a530.143 TSV 2003
100 _4Tsvelink Alexei M.
245 _aQuantum Field Theory in Condensed Matter Physics
260 _a United Kingdom
_bUniversity of Cambridge
_c2003
300 _axvi;360p,
_bill,
_c25.2cm
504 _aReferences and index
650 _aPhysics
_9809
942 _2ddc
_cO_SHELF
999 _c8318
_d8318